00790nam a2200241Ia 4500003000400000005001700004008004100021020001800062040001800080041000800098082002600106245008000132250001200212260005700224300003100281650006200312650004000374650004100414700002300455700002500478700002100503700002400524OSt20250117095234.0210716s2001 xx 000 0 und d a9789810244996 cAIMIT LIBRARY aeng a001.0725397 21bBURV aExcited nucleons and hadronic structure /cEdited by V D Burkert...[et.al]. a1st ed. aSingapore :bWorld Scientific Publishing Co ,c2001. axviii,432p. ;bHBc23.2 cm aProbing the structure of nucleons in the resonance region aElectroproduction results from CLAS aProduction in hadronic international aBurkert, V D., ed. aElouadrhiri, L., ed. aKelly, J J. ,ed. aMinehart, R C., ed.